000 00443nam a22001697a 4500
005 20251108165243.0
008 250721s1992 xx 000 0 ara d
082 1 4 _a613.7/خال
100 1 _aالطراونه، خالد
245 1 0 _aاللياقة أم البدانة /
264 1 _aعمان :
_c1992.
300 _a125ص
650 1 7 _aاللياقة البدنية
650 1 7 _aالريجيم
942 _2ddc
_cBK
999 _c23342
_d23342